000 00511nam a2200169Ia 4500
999 _c20978
_d20978
003 OSt
005 20200625153236.0
008 190216s9999||||xx |||||||||||||| ||und||
040 _coclc
082 _a954.042
_bBER/F
100 _aBernard, Jean Alphonse
_93250
245 0 _aFrom Raj To The Republic :
_bA Political History Of India /
_cJean Alphonse Bernard
260 _bManas Foundations,
300 _a498p
650 _aHistory
942 _cBK
_2ddc
_h954.042
_iBER/F
_k954.042
_mBER/F